00563nam a2200169Ia 4500008004100000020001500041041001200056082001600068100001700084245005200101260002700153300001000180650001900190942000700209999001500216952016200231221030s9999 xx 000 0 und d a007063419X aEnglish a105.23bRam aB. V. Ramana 0aHigher Engineering Mathematicscby B. V. Ramana bT M HaNew Delhic2006 a33.21 aBE Mathematics cBK c3624d3624 pBE 9088g300.00l0o105.23 Ramr2024-06-13 00:00:00w2022-10-30yBK003Print4071aMIETLIBbMIETLIBcBL-Second, FL-1, CUP-114, SH-3, R-3d2006-12-2110HBE